<?xml version="1.0" encoding="UTF-8"?>
<record
    xmlns:xsi="http://www.w3.org/2001/XMLSchema-instance"
    xsi:schemaLocation="http://www.loc.gov/MARC21/slim http://www.loc.gov/standards/marcxml/schema/MARC21slim.xsd"
    xmlns="http://www.loc.gov/MARC21/slim">

  <leader>01438nam a22003137a 4500</leader>
  <controlfield tag="003">OSt</controlfield>
  <controlfield tag="005">20190513075220.0</controlfield>
  <controlfield tag="008">180226b        xxu||||| |||| 00| 0 spa d</controlfield>
  <datafield tag="040" ind1=" " ind2=" ">
    <subfield code="c">PJ</subfield>
  </datafield>
  <datafield tag="245" ind1="1" ind2="0">
    <subfield code="a">Contratos administrativos :</subfield>
    <subfield code="b">R&#xE9;gimen de pago y actualizaci&#xF3;n /</subfield>
    <subfield code="c">Rodolfo C. Barra...[et al.].</subfield>
  </datafield>
  <datafield tag="260" ind1=" " ind2=" ">
    <subfield code="a">Buenos Aires :</subfield>
    <subfield code="b">Astrea, </subfield>
    <subfield code="c">1988.</subfield>
  </datafield>
  <datafield tag="300" ind1=" " ind2=" ">
    <subfield code="a">324 p.</subfield>
    <subfield code="c">23 cm</subfield>
  </datafield>
  <datafield tag="505" ind1=" " ind2=" ">
    <subfield code="a">v. 1: Indexaci&#xF3;n -- Intereses moratorios -- Imprevisi&#xF3;n -- Mayores costos. 
</subfield>
  </datafield>
  <datafield tag="505" ind1=" " ind2=" ">
    <subfield code="t">Los contratos administrativos /</subfield>
    <subfield code="r">Agust&#xED;n A. Gordillo.</subfield>
  </datafield>
  <datafield tag="505" ind1=" " ind2=" ">
    <subfield code="t">Certificado de obra p&#xFA;blica /</subfield>
    <subfield code="r">Jos&#xE9; Roberto Dromi.</subfield>
  </datafield>
  <datafield tag="505" ind1=" " ind2=" ">
    <subfield code="t">Mayores costos, imprevisi&#xF3;n, indexaci&#xF3;n /</subfield>
    <subfield code="r">Agust&#xED;n A. Gordillo.</subfield>
  </datafield>
  <datafield tag="505" ind1=" " ind2=" ">
    <subfield code="t">La actualizaci&#xF3;n por desvalorizaci&#xF3;n monetaria del precio contractual en los contratos administrativos /</subfield>
    <subfield code="r">Rodolfo Carlos Barra.</subfield>
  </datafield>
  <datafield tag="505" ind1=" " ind2=" ">
    <subfield code="t">Actualizaci&#xF3;n de precios y valores en las contrataciones del Estado /</subfield>
    <subfield code="r">Jos&#xE9; Roberto Dromi.</subfield>
  </datafield>
  <datafield tag="505" ind1=" " ind2=" ">
    <subfield code="t">La indexaci&#xF3;n en los contratos administrativos provinciales /</subfield>
    <subfield code="r">Enrique S&#xE1;nchez Gambino.</subfield>
  </datafield>
  <datafield tag="650" ind1=" " ind2=" ">
    <subfield code="a">DERECHO ADMINISTRATIVO</subfield>
    <subfield code="9">211</subfield>
  </datafield>
  <datafield tag="650" ind1=" " ind2="0">
    <subfield code="a">CONTRATOS ADMINISTRATIVOS</subfield>
    <subfield code="9">1170</subfield>
  </datafield>
  <datafield tag="650" ind1=" " ind2="0">
    <subfield code="a">SERVICIO PUBLICO</subfield>
    <subfield code="9">932</subfield>
  </datafield>
  <datafield tag="700" ind1=" " ind2=" ">
    <subfield code="9">931</subfield>
    <subfield code="a">Barra, Rodolfo Carlos</subfield>
  </datafield>
  <datafield tag="700" ind1=" " ind2=" ">
    <subfield code="9">18</subfield>
    <subfield code="a">Cassagne, Juan Carlos</subfield>
  </datafield>
  <datafield tag="700" ind1=" " ind2=" ">
    <subfield code="9">9</subfield>
    <subfield code="a">Dromi, Roberto</subfield>
  </datafield>
  <datafield tag="700" ind1=" " ind2=" ">
    <subfield code="9">1172</subfield>
    <subfield code="a">Ottonello, N&#xE9;stor J.</subfield>
  </datafield>
  <datafield tag="700" ind1=" " ind2=" ">
    <subfield code="9">1173</subfield>
    <subfield code="a">Sanchez Gambino, Enrique</subfield>
  </datafield>
  <datafield tag="942" ind1=" " ind2=" ">
    <subfield code="2">udc</subfield>
    <subfield code="c">LIB</subfield>
    <subfield code="h">342.9:351.712</subfield>
    <subfield code="i">COM</subfield>
  </datafield>
  <datafield tag="999" ind1=" " ind2=" ">
    <subfield code="c">857</subfield>
    <subfield code="d">857</subfield>
  </datafield>
  <datafield tag="952" ind1=" " ind2=" ">
    <subfield code="0">0</subfield>
    <subfield code="1">0</subfield>
    <subfield code="2">udc</subfield>
    <subfield code="4">0</subfield>
    <subfield code="7">0</subfield>
    <subfield code="a">DJS</subfield>
    <subfield code="b">DJS</subfield>
    <subfield code="d">2018-06-22</subfield>
    <subfield code="h">V. 1</subfield>
    <subfield code="l">1</subfield>
    <subfield code="m">1</subfield>
    <subfield code="o">342.9:351.712 </subfield>
    <subfield code="p">2558</subfield>
    <subfield code="r">2019-05-13</subfield>
    <subfield code="s">2019-04-29</subfield>
    <subfield code="w">2018-06-22</subfield>
    <subfield code="y">LIB</subfield>
  </datafield>
</record>
